Rodokmeňová analýza geneticky hodnotnej skupiny kráv slovenského pinzgauského plemena

Bibliographic Details
Main Authors: Kadlečík, Ondrej, 1948- (Author), Kasarda, Radovan, 1974- (Author), Hubka, Mm (Author), Mészáros, Gábor (Author)
Format: Article
Language:Slovak
Subjects:

MARC

LEADER 00000nab a2200000 a 4500
001 vtls008984463
003 SK-MaSNL
005 20260304134728.0
008 250505c2006 xo |||||||||||000 b|slo
015 |a SNBRB2007/04  |2 snkbucl 
035 |a (uuid)ac9f560d-70ca-4726-b27f-52c90151293e 
035 |a urn:nbn:sk:snk-ab2dkm 
035 |a (urnnbn)urn:nbn:sk:snk:ar-a027k7 
038 |a SNKBUCL 
040 |a SNKBUCL  |b slo  |c SNKBUCL  |e AACR2 
041 0 |a slo  |b eng 
044 |a xo  |c SK 
080 |a 636.2.082.2  |2 1997 
080 |a 636.082.2  |2 1997 
245 0 0 |a Rodokmeňová analýza geneticky hodnotnej skupiny kráv slovenského pinzgauského plemena  |c O. Kadlečík ... [et al.] 
246 3 1 |a Pedigree analyses of genetically valuable cow group of slovak pinzgau breed 
300 |b Tab. 
504 |a Bibliogr. odkazy 
546 |a Res. angl. 
650 0 7 |a hovädzí dobytok  |2 snkbucl  |9 2818 
650 0 7 |a plemená zvierat  |2 snkbucl  |9 4381 
650 0 7 |a slovenský pinzgauský dobytok  |2 snkbucl  |9 1453043 
650 0 7 |a rodokmene (biológia)  |2 snkbucl  |9 58486 
700 1 |a Kadlečík, Ondrej,  |d 1948-  |4 aut  |9 113490 
700 1 |a Kasarda, Radovan,  |d 1974-  |4 aut  |9 195297 
700 1 |a Hubka, Mm.  |4 aut  |9 1453044 
700 1 |a Mészáros, Gábor  |4 aut  |9 416064 
773 0 |t Acta fytotechnica et zootechnica : výber príspevkov z medzinárodnej vedeckej konferencie XXII. Dni genetiky konanej 12.-14. septembra 2006  |g Roč. 9, mimoriadne číslo (2006), s. 94-96  |x 1335-258X 
850 |a Slovenská národná knižnica 
852 |a Slovenská národná knižnica 
954 |a odborná, vedecká literatúra pôvodná (slovenská)  |2 lita 
958 |a article27 
958 |a NB 
958 |a OND 
958 |a EUIPO 
999 |c 2907921  |d 2909851